[Event "HUN-chT2 Barcza 1718"]
[Site "Hungary"]
[Date "2017.12.03"]
[Round "5.1"]
[White "Lengyel, Ferenc"]
[Black "Cselenyi, Balazs"]
[Result "0-1"]
[WhiteElo "2139"]
[BlackElo "2148"]
[PlyCount "176"]
[EventDate "2017.09.24"]
[EventType "team-tourn"]
[EventRounds "11"]
[EventCountry "HUN"]
[SourceTitle "EXT 2021"]
[Source "ChessBase"]
[SourceDate "2020.10.23"]
[SourceVersion "1"]
[SourceVersionDate "2020.10.23"]
[SourceQuality "1"]
[WhiteTeam "Debrecen Sakkiskola II"]
[BlackTeam "Debrecen Sakkbaratok"]
[WhiteTeamCountry "HUN"]
[BlackTeamCountry "HUN"]

1. d4 Nf6 2. c4 g6 3. Nc3 Bg7 4. e4 d6 5. Be2 0-0 6. Bg5 Nbd7 7. Qd2 c6 8. Nf3 e5 9. dxe5 dxe5 10. 0-0 Qc7 11. h3 Nc5 12. Qe3 Ne6 13. Bh4 Nh5 14. Ng5 Nhf4 15. Nxe6 Nxe6 16. Rac1 Nd4 17. Rfd1 f5 18. exf5 Nxf5 19. Qe4 Bh6 20. Ra1 Bf4 21. g3 Nxh4 22. gxh4 Qe7 23. Qg2 Qxh4 24. Bg4 Bf5 25. Bxf5 Rxf5 26. Ne4 Raf8 27. Rd3 Bh6 28. Re1 Rf4 29. Rg3 Kh8 30. Rg4 Qd8 31. Rxf4 Bxf4 32. Qg4 Qd4 33. b3 Rf5 34. Qe2 Qd8 35. Rd1 Qe7 36. Qd3 Rf8 37. Qd7 Qh4 38. Qg4 Qxg4+ 39. hxg4 Rf7 40. Rd8+ Kg7 41. Nd6 Re7 42. Nc8 Rc7 43. Nd6 Kh6 44. Ne4 Re7 45. Kg2 Kg7 46. Kf3 h5 47. gxh5 gxh5 48. Rd1 Rf7 49. Ke2 Kg6 50. Rg1+ Kh6 51. Nd6 Rd7 52. c5 h4 53. Rh1 Kh5 54. Kf3 b6 55. b4 Rd8 56. Ke4 bxc5 57. bxc5 Rb8 58. Kf5 Rf8+ 59. Ke4 Kg5 60. Rg1+ Kf6 61. Rh1 Rh8 62. Rh3 Ke6 63. a3 Bg5 64. f3 Rf8 65. Kd3 Kd5 66. Ne4 Be7 67. Nc3+ Kxc5 68. Ke4 Kd6 69. Ne2 Bg5 70. Rh1 Ke6 71. Rd1 h3 72. Rh1 Rh8 73. Rh2 Rh4+ 74. Kd3 Kd6 75. Ng1 Ra4 76. Rxh3 Rxa3+ 77. Kc4 Re3 78. Rg3 Bf4 79. Rg6+ Kc7 80. Kc5 Rc3+ 81. Kb4 Rc2 82. Kb3 Rf2 83. Kc4 Kb6 84. Kd3 a5 85. Kc4 Be3 86. Kd3 Bd4 87. Rf6 a4 88. Ne2 Rxe2 0-1

[Event "HUN-chT2 Barcza 1415"]
[Site "Hungary"]
[Date "2015.03.01"]
[Round "?"]
[White "Borsos, Bogdan"]
[Black "Lengyel, Ferenc"]
[Result "1/2-1/2"]
[WhiteElo "2224"]
[BlackElo "2169"]
[PlyCount "24"]
[EventDate "2014.09.07"]
[EventType "team-tourn"]
[EventRounds "11"]
[EventCountry "HUN"]
[SourceTitle "EXT 2016"]
[Source "ChessBase"]
[SourceDate "2015.10.08"]
[SourceVersion "1"]
[SourceVersionDate "2015.10.08"]
[SourceQuality "1"]
[WhiteTeam "Kazincbarcika"]
[BlackTeam "Debrecen Sakkiskola"]
[WhiteTeamCountry "HUN"]
[BlackTeamCountry "HUN"]

1. d4 Nf6 2. Bg5 Ne4 3. Bf4 c5 4. d5 Qb6 5. Qc1 e6 6. c4 Bd6 7. Bxd6 Qxd6 8. Nc3 Nxc3 9. Qxc3 0-0 10. Rd1 e5 11. Nf3 Re8 12. e4 Qe7 1/2-1/2

[Event "HUN-chT2 Barcza 1314"]
[Site "Hungary"]
[Date "2014.03.02"]
[Round "8"]
[White "Lengyel, Ferenc"]
[Black "Borsavolgyi, Tamas"]
[Result "1/2-1/2"]
[WhiteElo "2205"]
[BlackElo "2224"]
[PlyCount "20"]
[EventDate "2013.09.08"]
[EventType "team-tourn"]
[EventRounds "11"]
[EventCountry "HUN"]
[SourceTitle "EXT 2016"]
[Source "ChessBase"]
[SourceDate "2015.10.08"]
[SourceVersion "1"]
[SourceVersionDate "2015.10.08"]
[SourceQuality "1"]
[WhiteTeam "Debrecen Sakkiskola"]
[BlackTeam "Hajduszoboszlo"]
[WhiteTeamCountry "HUN"]
[BlackTeamCountry "HUN"]

1. d4 d5 2. c4 e6 3. Nc3 Be7 4. cxd5 exd5 5. Qb3 c6 6. Bf4 Nf6 7. e3 Qb6 8. Qxb6 axb6 9. Bd3 Nbd7 10. Rc1 b5 1/2-1/2

[Event "HUN-chT2 Barcza 1314"]
[Site "Hungary"]
[Date "2013.11.03"]
[Round "4"]
[White "Dovzik, Juri"]
[Black "Lengyel, Ferenc"]
[Result "1-0"]
[WhiteElo "2338"]
[BlackElo "2205"]
[PlyCount "67"]
[EventDate "2013.09.08"]
[EventType "team-tourn"]
[EventRounds "11"]
[EventCountry "HUN"]
[SourceTitle "EXT 2016"]
[Source "ChessBase"]
[SourceDate "2015.10.08"]
[SourceVersion "1"]
[SourceVersionDate "2015.10.08"]
[SourceQuality "1"]
[WhiteTeam "Kazincbarcika"]
[BlackTeam "Debrecen Sakkiskola"]
[WhiteTeamCountry "HUN"]
[BlackTeamCountry "HUN"]

1. c4 e5 2. Nc3 Nc6 3. g3 Nf6 4. Bg2 Bc5 5. e3 d5 6. cxd5 Nb4 7. a3 Nbxd5 8. Nxd5 Nxd5 9. b4 Be7 10. Bb2 Bf6 11. Nf3 Qd6 12. Qc2 0-0 13. 0-0 a5 14. Qe4 axb4 15. Nxe5 Nb6 16. axb4 Rxa1 17. Bxa1 Qxd2 18. Qd4 Qa2 19. Qc5 Qe6 20. Qxc7 Nd5 21. Qc5 Nxb4 22. f4 Be7 23. Qc3 Na2 24. f5 Nxc3 25. fxe6 f6 26. Nd7 Bxd7 27. exd7 Na4 28. Bd4 Kh8 29. Bxb7 Rd8 30. Bc6 Nc5 31. Rd1 Ne6 32. Bc3 g6 33. Rb1 Kg7 34. Ba5 1-0

[Event "Satu Mare Tasnad op"]
[Site "Satu Mare"]
[Date "2013.09.27"]
[Round "2"]
[White "Lengyel, Ferenc"]
[Black "Cordea, David"]
[Result "0-1"]
[WhiteElo "2205"]
[BlackElo "2069"]
[PlyCount "104"]
[EventDate "2013.09.26"]
[EventType "swiss"]
[EventRounds "7"]
[EventCountry "ROU"]
[SourceTitle "EXT 2014"]
[Source "ChessBase"]
[SourceDate "2013.11.20"]
[SourceVersion "1"]
[SourceVersionDate "2013.11.20"]
[SourceQuality "1"]

1. d4 d5 2. c4 c6 3. Nf3 Nf6 4. Nc3 e6 5. e3 Bd6 6. Bd3 Nbd7 7. 0-0 0-0 8. e4 dxe4 9. Nxe4 Nxe4 10. Bxe4 Nf6 11. Bc2 Qc7 12. Bg5 Be7 13. Qd3 g6 14. Rad1 Rd8 15. Ne5 Nh5 16. Bxe7 Qxe7 17. Qe3 Ng7 18. Rfe1 Nf5 19. Qc3 Qf6 20. a4 Bd7 21. Be4 Be8 22. Bf3 Rac8 23. c5 h5 24. g3 Qe7 25. Be4 Qf6 26. Nc4 Nxd4 27. Nd6 Rxd6 28. cxd6 e5 29. f4 Qxd6 30. Kg2 c5 31. fxe5 Qe6 32. Bxb7 Bc6+ 33. Bxc6 Qxc6+ 34. Kf2 Qxa4 35. Rd2 Ne6 36. b3 Qg4 37. Qe3 Rb8 38. Ra1 Nd4 39. Qf4 Qe6 40. Rxa7 Rxb3 41. Ra8+ Kh7 42. Rxd4 cxd4 43. Qf6 Rb2+ 44. Ke1 Qxf6 45. exf6 Rxh2 46. Rf8 Rg2 47. Rxf7+ Kh6 48. Rd7 Rxg3 49. Kf2 Rg5 50. Rxd4 Rf5+ 51. Kg3 Rxf6 52. Rd8 Kg5 0-1

[Event "Satu Mare Tasnad op"]
[Site "Satu Mare"]
[Date "2013.09.27"]
[Round "3"]
[White "Uta, Ilie"]
[Black "Lengyel, Ferenc"]
[Result "0-1"]
[WhiteElo "1810"]
[BlackElo "2205"]
[PlyCount "46"]
[EventDate "2013.09.26"]
[EventType "swiss"]
[EventRounds "7"]
[EventCountry "ROU"]
[SourceTitle "EXT 2014"]
[Source "ChessBase"]
[SourceDate "2013.11.20"]
[SourceVersion "1"]
[SourceVersionDate "2013.11.20"]
[SourceQuality "1"]

1. e4 c5 2. Nf3 Nc6 3. c3 d5 4. Bd3 g6 5. 0-0 Bg7 6. h3 Nf6 7. e5 Nd7 8. e6 fxe6 9. Ng5 Nde5 10. Bc2 0-0 11. f4 Bh6 12. d4 Bxg5 13. dxe5 Bh6 14. Qg4 Rf7 15. Be3 Nxe5 16. Qh4 Qf8 17. Bxc5 b6 18. Bxe7 Rxe7 19. fxe5 Be3+ 20. Kh2 Qxf1 21. Qxe7 Bf4+ 22. g3 Qf2+ 23. Kh1 Qf3+ 0-1

[Event "Satu Mare Tasnad op"]
[Site "Satu Mare"]
[Date "2013.09.26"]
[Round "1"]
[White "Moldovan, Rares"]
[Black "Lengyel, Ferenc"]
[Result "0-1"]
[WhiteElo "1832"]
[BlackElo "2205"]
[PlyCount "55"]
[EventDate "2013.09.26"]
[EventType "swiss"]
[EventRounds "7"]
[EventCountry "ROU"]
[SourceTitle "EXT 2014"]
[Source "ChessBase"]
[SourceDate "2013.11.20"]
[SourceVersion "1"]
[SourceVersionDate "2013.11.20"]
[SourceQuality "1"]

1. c4 c5 2. Nc3 Nc6 3. g3 g6 4. Bg2 Bg7 5. d3 Nf6 6. e4 d6 7. Nge2 Bd7 8. h3 Qc8 9. Be3 h5 10. Qd2 Nh7 11. d4 cxd4 12. Nxd4 Nf6 13. b3 Qd8 14. Rd1 Qa5 15. 0-0 0-0 16. f4 Rfe8 17. f5 Ne5 18. Qc1 Rac8 19. Nd5 Nxd5 20. exd5 b5 21. fxg6 fxg6 22. Ne6 Bxe6 23. dxe6 bxc4 24. Rd5 Qxa2 25. Bh6 Rf8 26. Rf7 Nxf7 27. Bxg7 Kxg7 28. Rxh5 0-1

[Event "HUN-chT2 Barcza 1213"]
[Site "Hungary"]
[Date "2013.04.21"]
[Round "11.3"]
[White "Hajdu, Zoltan"]
[Black "Lengyel, Ferenc"]
[Result "0-1"]
[WhiteElo "1894"]
[BlackElo "2235"]
[PlyCount "52"]
[EventDate "2012.09.16"]
[EventType "team-tourn"]
[EventRounds "11"]
[EventCountry "HUN"]
[SourceTitle "EXT 2014"]
[Source "ChessBase"]
[SourceDate "2013.11.20"]
[SourceVersion "1"]
[SourceVersionDate "2013.11.20"]
[SourceQuality "1"]
[WhiteTeam "Miskolc Kisbocsok"]
[BlackTeam "Debrecen Sakkiskola"]
[WhiteTeamCountry "HUN"]
[BlackTeamCountry "HUN"]

1. d4 Nf6 2. Nc3 d5 3. Bg5 c5 4. e4 Nxe4 5. Nxe4 dxe4 6. d5 Qb6 7. b3 Bf5 8. Bc4 Qg6 9. Qd2 h6 10. Be3 Qxg2 11. 0-0-0 Qxh1 12. d6 Nc6 13. d7+ Kd8 14. Bxc5 Qxh2 15. Bxf7 Qe5 16. Qe3 e6 17. Bb6+ axb6 18. Qxb6+ Qc7 19. Qe3 Nb4 20. c3 Nxa2+ 21. Kc2 Nxc3 22. Rd4 Nd5+ 23. Rc4 Nxe3+ 24. fxe3 Qh2+ 25. Kc3 Qxg1 26. Be8 Qxe3+ 0-1

[Event "HUN-chT2 Barcza 1213"]
[Site "Hungary"]
[Date "2012.11.04"]
[Round "3.3"]
[White "Bakos, Levente"]
[Black "Lengyel, Ferenc"]
[Result "1/2-1/2"]
[WhiteElo "2153"]
[BlackElo "2262"]
[PlyCount "45"]
[EventDate "2012.09.16"]
[EventType "team-tourn"]
[EventRounds "11"]
[EventCountry "HUN"]
[SourceTitle "EXT 2014"]
[Source "ChessBase"]
[SourceDate "2013.11.20"]
[SourceVersion "1"]
[SourceVersionDate "2013.11.20"]
[SourceQuality "1"]
[WhiteTeam "DEAC"]
[BlackTeam "Debrecen Sakkiskola"]
[WhiteTeamCountry "HUN"]
[BlackTeamCountry "HUN"]

1. e4 e5 2. Nf3 Nc6 3. Bc4 Nf6 4. Nc3 Nxe4 5. 0-0 Nf6 6. Re1 Be7 7. Nxe5 0-0 8. Qe2 Nd4 9. Qd3 c5 10. Nd5 Bd6 11. f4 b5 12. Nxf6+ Qxf6 13. Bd5 Rb8 14. c3 Nc6 15. Qe4 Ne7 16. Bb3 Qf5 17. Bc2 Qxe4 18. Bxe4 f6 19. Nf3 Bb7 20. Bxb7 Rxb7 21. d4 c4 22. a4 b4 23. Nd2 1/2-1/2

[Event "HUN-chT2 Maroczy 1112"]
[Site "Hungary"]
[Date "2012.03.25"]
[Round "8"]
[White "Jovanovic, Zoran"]
[Black "Lengyel, Ferenc"]
[Result "1-0"]
[WhiteElo "2589"]
[BlackElo "2280"]
[PlyCount "59"]
[EventDate "2011.09.25"]
[EventType "team-tourn"]
[EventRounds "11"]
[EventCountry "HUN"]
[SourceTitle "EXT 2013"]
[Source "ChessBase"]
[SourceDate "2012.11.22"]
[SourceVersion "1"]
[SourceVersionDate "2012.11.22"]
[SourceQuality "1"]
[WhiteTeam "Dunaharaszti"]
[BlackTeam "Hajduszoboszlo"]
[WhiteTeamCountry "HUN"]
[BlackTeamCountry "HUN"]

1. e4 c5 2. Nc3 Nc6 3. Bb5 Nd4 4. Bc4 g6 5. Nf3 Bg7 6. Nxd4 cxd4 7. Qf3 e6 8. Nb5 Be5 9. c3 dxc3 10. d4 a6 11. dxe5 axb5 12. Bb3 cxb2 13. Bxb2 Qa5+ 14. Bc3 b4 15. Bb2 Qa6 16. Rd1 Ne7 17. Qf6 Rg8 18. h4 h5 19. Rh3 Qc6 20. Re3 Rf8 21. Kf1 b6 22. Kg1 Ba6 23. Rc1 Qb5 24. Ree1 Rc8 25. Rxc8+ Bxc8 26. Bc1 Nc6 27. Bf4 Qc5 28. Qg7 Ne7 29. Rc1 Rg8 30. Qh7 1-0

[Event "HUN-chT2 Maroczy 1112"]
[Site "Hungary"]
[Date "2012.02.19"]
[Round "6"]
[White "Hajnal, Zoltan"]
[Black "Lengyel, Ferenc"]
[Result "1/2-1/2"]
[WhiteElo "2431"]
[BlackElo "2280"]
[PlyCount "34"]
[EventDate "2011.09.25"]
[EventType "team-tourn"]
[EventRounds "11"]
[EventCountry "HUN"]
[SourceTitle "EXT 2013"]
[Source "ChessBase"]
[SourceDate "2012.11.22"]
[SourceVersion "1"]
[SourceVersionDate "2012.11.22"]
[SourceQuality "1"]
[WhiteTeam "Fuezesabony"]
[BlackTeam "Hajduszoboszlo"]
[WhiteTeamCountry "HUN"]
[BlackTeamCountry "HUN"]

1. e4 c6 2. d4 d5 3. Nc3 dxe4 4. Nxe4 Bf5 5. Ng3 Bg6 6. Nh3 e6 7. Nf4 Bd6 8. c3 Nf6 9. h4 Bxf4 10. Bxf4 h6 11. Qb3 Qe7 12. Be2 0-0 13. h5 Bh7 14. 0-0 a5 15. a4 Na6 16. Rfe1 Nd5 17. Bd2 Qc7 1/2-1/2

[Event "HUN-chT2 Maroczy 1112"]
[Site "Hungary"]
[Date "2012.01.29"]
[Round "5"]
[White "Lengyel, Ferenc"]
[Black "Jakab, Attila"]
[Result "1/2-1/2"]
[WhiteElo "2280"]
[BlackElo "2407"]
[PlyCount "60"]
[EventDate "2011.09.25"]
[EventType "team-tourn"]
[EventRounds "11"]
[EventCountry "HUN"]
[SourceTitle "EXT 2013"]
[Source "ChessBase"]
[SourceDate "2012.11.22"]
[SourceVersion "1"]
[SourceVersionDate "2012.11.22"]
[SourceQuality "1"]
[WhiteTeam "Hajduszoboszlo"]
[BlackTeam "Taban Spartacus"]
[WhiteTeamCountry "HUN"]
[BlackTeamCountry "HUN"]

1. d4 Nf6 2. Nf3 e6 3. g3 b6 4. Bg2 Bb7 5. 0-0 Be7 6. c4 0-0 7. Nc3 Ne4 8. Qc2 Nxc3 9. Qxc3 Bf6 10. b3 c5 11. Bb2 cxd4 12. Nxd4 Bxg2 13. Kxg2 d5 14. Rad1 dxc4 15. Qxc4 Qc8 16. Qxc8 Rxc8 17. Ba3 Na6 18. Rfe1 Nc7 19. Bb2 Nd5 20. Rc1 Rc5 21. Rcd1 h6 22. Rd2 Rac8 23. e4 Nc3 24. Bxc3 Rxc3 25. Ree2 a6 26. e5 Be7 27. Rc2 Bb4 28. f4 R8c5 29. Rxc3 Bxc3 30. Nc2 Kf8 1/2-1/2

[Event "Lakitelek Magyarok op"]
[Site "Lakitelek"]
[Date "2011.08.07"]
[Round "2"]
[White "Takacs, Laszlo"]
[Black "Lengyel, Ferenc"]
[Result "1/2-1/2"]
[WhiteElo "1961"]
[BlackElo "2282"]
[PlyCount "145"]
[EventDate "2011.08.06"]
[EventType "swiss"]
[EventRounds "9"]
[EventCountry "HUN"]
[SourceTitle "CBM 144 Extra"]
[Source "ChessBase"]
[SourceDate "2011.10.28"]
[SourceVersion "1"]
[SourceVersionDate "2011.10.28"]
[SourceQuality "1"]

1. e4 c6 2. d4 d5 3. e5 Bf5 4. Nf3 e6 5. Bd3 Ne7 6. 0-0 Qb6 7. c3 c5 8. Qa4+ Nbc6 9. dxc5 Qxc5 10. Be3 Qa5 11. Qxa5 Nxa5 12. Bb5+ Nac6 13. Nd4 a6 14. Nxc6 Nxc6 15. Bxc6+ bxc6 16. Nd2 c5 17. Nb3 Rc8 18. Rfd1 Be7 19. Rd2 0-0 20. h3 h5 21. Rc1 Rc7 22. Rcd1 Rb8 23. Kh2 Rb5 24. Re1 Rcb7 25. Ree2 Kh7 26. Kg1 g5 27. f3 h4 28. Kh2 Kg6 29. g3 hxg3+ 30. Kxg3 Bb1 31. Nc1 Rb8 32. Rh2 Kf5 33. Rde2 Rh8 34. b3 Kg6 35. Reg2 f6 36. Kf2 Kf5 37. exf6 Bxf6 38. a4 Rb7 39. Kg1 d4 40. cxd4 cxd4 41. Rb2 dxe3 42. Rxb1 Be5 43. Rh1 Rd7 44. Ne2 Rd2 45. Re1 Rb8 46. Nc1 Rc8 47. Ne2 Rcc2 48. Kf1 Bf6 49. Rg1 Bd8 50. Rg4 Kf6 51. Re4 Bb6 52. b4 e5 53. a5 Bd4 54. h4 gxh4 55. Rxh4 Kg6 56. Rg4+ Kf5 57. Ng3+ Ke6 58. Ne2 Rb2 59. Rg6+ Kf5 60. Rxa6 Rxb4 61. Ra8 Ra2 62. Rd1 Rd2 63. Rc1 Ra4 64. a6 Rda2 65. Rd1 Rd2 66. Re1 Ke6 67. f4 exf4 68. Nxf4+ Ke5 69. Ne2 Rda2 70. Re8+ Kd5 71. Nxd4 Rxd4 72. R8xe3 Rxa6 73. Re5+ 1/2-1/2

[Event "HUN-chT2 Barcza 1011"]
[Site "Hungary"]
[Date "2010.10.10"]
[Round "3.1"]
[White "Eberth, Zoltan"]
[Black "Lengyel, Ferenc"]
[Result "1/2-1/2"]
[WhiteElo "2198"]
[BlackElo "2280"]
[PlyCount "88"]
[EventDate "2010.09.12"]
[EventType "team-tourn"]
[EventRounds "11"]
[EventCountry "HUN"]
[SourceTitle "EXT 2012"]
[Source "ChessBase"]
[SourceDate "2011.11.24"]
[SourceVersion "1"]
[SourceVersionDate "2011.11.24"]
[SourceQuality "1"]
[WhiteTeam "Mezokovesd"]
[BlackTeam "Hajduszoboszlo"]
[WhiteTeamCountry "HUN"]
[BlackTeamCountry "HUN"]

1. e4 c5 2. Nf3 d6 3. d4 cxd4 4. Nxd4 Nf6 5. Nc3 g6 6. Be3 Bg7 7. f3 Nc6 8. Qd2 0-0 9. g4 Nxd4 10. Bxd4 Be6 11. h4 Qa5 12. h5 Rfc8 13. hxg6 hxg6 14. a3 a6 15. 0-0-0 b5 16. Qg5 Qc7 17. e5 dxe5 18. Bxe5 Ne4 19. Bxc7 Nxg5 20. Bf4 Bf6 21. Nd5 Bxd5 22. Rxd5 Nxf3 23. g5 Bg7 24. Rd7 Nd4 25. c3 e5 26. Be3 Nf5 27. Bb6 Rab8 28. Ba5 Ng3 29. Rg1 Ne4 30. Kc2 Nc5 31. Rd5 Ne6 32. Rd7 Nd4+ 33. Kb1 Nc6 34. Bb4 Rd8 35. Bh3 Nxb4 36. axb4 Rxd7 37. Bxd7 Rd8 38. Bc6 Rd6 39. Be4 Bf8 40. Kc2 Be7 41. Bb7 Rb6 42. Bd5 Rd6 43. Bb7 Rb6 44. Bd5 Rd6 1/2-1/2

[Event "HUN-chT2 Barcza 1011"]
[Site "Hungary"]
[Date "2010.09.12"]
[Round "1.1"]
[White "Prokopisin, Vasily"]
[Black "Lengyel, Ferenc"]
[Result "1/2-1/2"]
[WhiteElo "2317"]
[BlackElo "2280"]
[PlyCount "67"]
[EventDate "2010.09.12"]
[EventType "team-tourn"]
[EventRounds "11"]
[EventCountry "HUN"]
[SourceTitle "EXT 2012"]
[Source "ChessBase"]
[SourceDate "2011.11.24"]
[SourceVersion "1"]
[SourceVersionDate "2011.11.24"]
[SourceQuality "1"]
[WhiteTeam "Tiszavasvar"]
[BlackTeam "Hajduszoboszlo"]
[WhiteTeamCountry "HUN"]
[BlackTeamCountry "HUN"]

1. d4 Nf6 2. c4 e6 3. Nf3 d5 4. Nc3 Be7 5. Bg5 h6 6. Bh4 0-0 7. e3 b6 8. Rc1 Bb7 9. Qc2 Nbd7 10. cxd5 Nxd5 11. Bxe7 Qxe7 12. Be2 Nxc3 13. Qxc3 c5 14. 0-0 Rfc8 15. Qa3 Kf8 16. Rfd1 Bd5 17. b3 a5 18. dxc5 Rxc5 19. Rxc5 Nxc5 20. Nd4 Rd8 21. Rc1 Qg5 22. Nf3 Qg4 23. h3 Qb4 24. Qxb4 axb4 25. Ne5 Ra8 26. Rc2 f6 27. Nc4 Bxc4 28. Bxc4 Ke7 29. f3 g5 30. Kf2 Ra7 31. Ke2 Kd6 32. Rd2+ Ke7 33. Rc2 Kd6 34. Rd2+ 1/2-1/2

[Event "HUN-chT2 Barcza 0910"]
[Site "Hungary"]
[Date "2010.05.02"]
[Round "11.1"]
[White "Lengyel, Ferenc"]
[Black "Molnar, Peter"]
[Result "1/2-1/2"]
[WhiteElo "2271"]
[BlackElo "2273"]
[PlyCount "74"]
[EventDate "2009.11.08"]
[EventType "team-tourn"]
[EventRounds "11"]
[EventCountry "HUN"]
[SourceTitle "EXT 2011"]
[Source "ChessBase"]
[SourceDate "2010.11.26"]
[SourceVersion "1"]
[SourceVersionDate "2010.11.26"]
[SourceQuality "1"]
[WhiteTeam "HSSE"]
[BlackTeam "Edeleny"]
[WhiteTeamCountry "HUN"]
[BlackTeamCountry "HUN"]

1. d4 Nf6 2. Nf3 e6 3. g3 b5 4. Bg2 Bb7 5. 0-0 c5 6. a4 b4 7. Nbd2 Na6 8. c3 Be7 9. cxb4 Nxb4 10. Nc4 cxd4 11. Bf4 0-0 12. Nxd4 Bxg2 13. Kxg2 Nfd5 14. Bd2 f5 15. Nf3 Qc7 16. Ne3 Nxe3+ 17. Bxe3 Nd5 18. Bd4 Qb7 19. Kg1 Rfc8 20. a5 a6 21. Qa4 Qc6 22. Qxc6 Rxc6 23. Ne5 Rc7 24. Rfc1 Rac8 25. Rxc7 Rxc7 26. Ra4 Bf6 27. Nd3 Bxd4 28. Rxd4 Kf8 29. b4 Ke8 30. Kg2 h6 31. Nc5 Nxb4 32. Nxe6 dxe6 33. Rxb4 Rc5 34. Rb6 Rxa5 35. Rxe6+ Kf7 36. Rb6 Ra4 37. Kf3 h5 1/2-1/2

[Event "HUN-chT2 Barcza 0910"]
[Site "Hungary"]
[Date "2010.01.31"]
[Round "5.1"]
[White "Leviczki, Tibor"]
[Black "Lengyel, Ferenc"]
[Result "1/2-1/2"]
[WhiteElo "2408"]
[BlackElo "2271"]
[PlyCount "43"]
[EventDate "2009.11.08"]
[EventType "team-tourn"]
[EventRounds "11"]
[EventCountry "HUN"]
[SourceTitle "EXT 2011"]
[Source "ChessBase"]
[SourceDate "2010.11.26"]
[SourceVersion "1"]
[SourceVersionDate "2010.11.26"]
[SourceQuality "1"]
[WhiteTeam "HSSE"]
[BlackTeam "DEAC"]
[WhiteTeamCountry "HUN"]
[BlackTeamCountry "HUN"]

1. d4 Nf6 2. c4 c5 3. d5 d6 4. Nc3 g6 5. g3 Bg7 6. Bg2 0-0 7. Nf3 e6 8. dxe6 Bxe6 9. Ng5 Bxc4 10. Bxb7 Nbd7 11. Qxd6 Rb8 12. Bg2 Re8 13. Qf4 Ne5 14. 0-0 h6 15. Nge4 Nxe4 16. Qxe4 Qa5 17. Qc2 Bb3 18. Qb1 Be6 19. Qc2 Bb3 20. Qb1 Be6 21. Qc2 Bb3 22. Qb1 1/2-1/2

[Event "HUN-chT2 Barcza 0910"]
[Site "Hungary"]
[Date "2009.12.06"]
[Round "3.1"]
[White "Cselenyi, Balazs"]
[Black "Lengyel, Ferenc"]
[Result "1/2-1/2"]
[WhiteElo "2245"]
[BlackElo "2271"]
[PlyCount "126"]
[EventDate "2009.11.08"]
[EventType "team-tourn"]
[EventRounds "11"]
[EventCountry "HUN"]
[SourceTitle "EXT 2011"]
[Source "ChessBase"]
[SourceDate "2010.11.26"]
[SourceVersion "1"]
[SourceVersionDate "2010.11.26"]
[SourceQuality "1"]
[WhiteTeam "Debrecen Sakkbaratok"]
[BlackTeam "HSSE"]
[WhiteTeamCountry "HUN"]
[BlackTeamCountry "HUN"]

1. d4 Nf6 2. c4 e6 3. Nf3 d5 4. Bg5 Be7 5. Nc3 0-0 6. e3 h6 7. Bh4 b6 8. cxd5 Nxd5 9. Bxe7 Qxe7 10. e4 Nxc3 11. bxc3 c5 12. Bd3 cxd4 13. cxd4 Qb4+ 14. Qd2 Nc6 15. Rb1 Qxd2+ 16. Kxd2 Bb7 17. Rhd1 Rfd8 18. Ke3 Rd6 19. Rbc1 a6 20. Rd2 Rad8 21. Bc4 Na5 22. Bd3 Rc6 23. Rdc2 Rxc2 24. Rxc2 Rc8 25. Ne5 Rxc2 26. Bxc2 Bc8 27. Bd3 Kf8 28. Kd2 Ke7 29. Kc3 Bb7 30. f3 Bc8 31. Ng4 Bb7 32. Ne3 f6 33. f4 Kd6 34. g3 Bc8 35. Nc2 Nc6 36. Ne3 Ne7 37. e5+ fxe5 38. fxe5+ Kc7 39. Bc4 b5 40. Bb3 a5 41. a3 Kd7 42. Ng2 g5 43. Ne3 h5 44. Bd1 h4 45. gxh4 gxh4 46. Bf3 Ng6 47. Ng4 Nf4 48. Nf6+ Ke7 49. Bc6 Ba6 50. Ne4 Ne2+ 51. Kb2 Nxd4 52. Ba8 b4 53. axb4 axb4 54. Ng5 Bc4 55. Be4 Bf1 56. Kc1 Kf8 57. Kd2 Bc4 58. Ke3 Nb5 59. Nf3 Nc3 60. Kd4 Bd5 61. Bxd5 Nxd5 62. Nxh4 Kg7 63. Nf3 Kg6 1/2-1/2

[Event "HUN-chT2 Barcza 0910"]
[Site "Hungary"]
[Date "2009.11.08"]
[Round "1.1"]
[White "Hegedus, Rafael"]
[Black "Lengyel, Ferenc"]
[Result "0-1"]
[WhiteElo "2095"]
[BlackElo "2271"]
[PlyCount "73"]
[EventDate "2009.11.08"]
[EventType "team-tourn"]
[EventRounds "11"]
[EventCountry "HUN"]
[SourceTitle "EXT 2011"]
[Source "ChessBase"]
[SourceDate "2010.11.26"]
[SourceVersion "1"]
[SourceVersionDate "2010.11.26"]
[SourceQuality "1"]
[WhiteTeam "Mezokovesd"]
[BlackTeam "HSSE"]
[WhiteTeamCountry "HUN"]
[BlackTeamCountry "HUN"]

1. e4 c5 2. Nf3 d6 3. d4 cxd4 4. Nxd4 Nf6 5. Nc3 g6 6. Be2 Bg7 7. 0-0 0-0 8. Be3 Nc6 9. h3 d5 10. exd5 Nb4 11. d6 Qxd6 12. Ncb5 Qb8 13. c4 a6 14. Nc3 e5 15. Nf3 Bf5 16. g4 Be6 17. Qb3 Nc6 18. Qc2 Nd4 19. Nxd4 exd4 20. Bxd4 Nxg4 21. hxg4 Bxd4 22. Kg2 Rc8 23. Rad1 Qf4 24. Ne4 Be5 25. Rh1 Bxc4 26. f3 Bxa2 27. Qa4 Qe3 28. Rd2 Bd5 29. Rhd1 Bc6 30. Qb4 Qf4 31. Kf1 a5 32. Qc4 b5 33. Qd3 Rd8 34. Qc2 Rxd2 35. Rxd2 Bb7 36. Ke1 Rc8 37. Qd3 0-1

[Event "HUN-ch Seniors"]
[Site "Ajka"]
[Date "2009.06.26"]
[Round "6"]
[White "Hardicsay, Peter"]
[Black "Lengyel, Ferenc"]
[Result "1/2-1/2"]
[WhiteElo "2284"]
[BlackElo "2272"]
[PlyCount "21"]
[EventDate "2009.06.22"]
[EventType "swiss"]
[EventRounds "9"]
[EventCountry "HUN"]
[SourceTitle "EXT 2011"]
[Source "ChessBase"]
[SourceDate "2010.11.26"]
[SourceVersion "1"]
[SourceVersionDate "2010.11.26"]
[SourceQuality "1"]

1. e4 c6 2. d4 d5 3. exd5 cxd5 4. c4 Nf6 5. Nc3 e6 6. Nf3 Bb4 7. Bd3 dxc4 8. Bxc4 0-0 9. 0-0 Nc6 10. Bg5 Be7 11. a3 1/2-1/2